Normal view
MARC view
- Asia Society
Entry Corporate Name
001 - CONTROL NUMBER
- control field: 50775
003 - CONTROL NUMBER IDENTIFIER
- control field: NUST
005 - DATE AND TIME OF LATEST TRANSACTION
- control field: 20210314134802.0
008 - FIXED-LENGTH DATA ELEMENTS
- fixed length control field: 210314|| aca||aabn | a|a d
040 ## - CATALOGING SOURCE
- Original cataloging agency: NUST
- Transcribing agency: NUST
110 ## - HEADING--CORPORATE NAME
- Corporate name or jurisdiction name as entry element: Asia Society
670 ## - SOURCE DATA FOUND
- Source citation: Work cat.: (NUST): Shah, Safdar Ali. 50772, The Buddhist heritage of Pakistan :, c2011.
